000 00463nam a22001817a 4500
003 NUST - PNEC
005 20170116180914.0
008 150903b xxu||||| |||| 00| 0 eng d
020 _a1903996740
040 _cLIBRARY
082 _a620.118 DEC
100 _97307
_aDecolo, Christian
245 _aAnalysis of composite structure
_cChristain Decolon
250 _a1st ed.
260 _c2005
650 _97311
_aMecahnical Engineering
_xME
942 _2ddc
_cBK
999 _c65390
_d65390